|
|
|
|
| LEADER |
00000nab a2200000 a 4500 |
| 001 |
vtls000579268 |
| 003 |
SK-MaSNL |
| 005 |
20260304094938.0 |
| 008 |
250425c1996 xo 0 slo |
| 015 |
|
|
|a SNBRB19rr/mm-uuuuu
|
| 035 |
|
|
|a CL0579406
|
| 035 |
|
|
|a urn:nbn:sk:snk-abepgh
|
| 035 |
|
|
|a (urnnbn)urn:nbn:sk:snk:ar-0071eq
|
| 035 |
|
|
|a (uuid)fae43429-08fe-4307-85ba-3386ae338a25
|
| 040 |
|
|
|a SNKBUCL
|b slo
|c SNKBUCL
|e AACR2
|
| 041 |
0 |
|
|a slo
|
| 044 |
|
|
|a xo
|c SK
|
| 080 |
|
|
|a 639.111.13.04(437.6)
|2 1981
|
| 100 |
1 |
|
|a Hell, Pavel,
|d 1930-2009
|4 aut
|9 125123
|
| 245 |
1 |
0 |
|a Šance danielej zveri
|c Pavel Hell, Jaroslav Slamečka
|
| 300 |
|
|
|b Fotogr. 1
|
| 650 |
0 |
7 |
|a danielia zver
|2 snkbucl
|9 71279
|
| 655 |
|
7 |
|a články z novín a časopisov
|2 snkbucl
|9 267496
|
| 700 |
1 |
|
|a Slamečka, Jaroslav
|4 aut
|9 8823
|
| 773 |
0 |
|
|t Poľovníctvo a rybárstvo
|g Roč. 48, č. 2 (1996), s. 5-6
|x 0231-8768
|
| 850 |
|
|
|a Slovenská národná knižnica
|
| 852 |
|
|
|a Slovenská národná knižnica
|
| 954 |
|
|
|a odborná, vedecká literatúra pôvodná (slovenská)
|2 lita
|
| 958 |
|
|
|a article27
|
| 958 |
|
|
|a RK
|
| 958 |
|
|
|a SK
|
| 958 |
|
|
|a OND
|
| 958 |
|
|
|a EUIPO
|
| 992 |
|
|
|a RBX
|
| 999 |
|
|
|c 2829894
|d 2831824
|